000 00700nam a2200253Ia 4500
003 OSt
005 20221005081521.0
006 a|||||r|||| 00| 0
007 ta
008 221004b |||||||| |||| 00| 0 eng d
020 _a8187498730
024 _a75000
037 _cTextual
040 _aCRL
_cCRL
_beng
041 _2eng
_aeng
082 _aV4477, P3
100 _aKakoty Sanjeeb
_940469
245 0 _aTechnology, production and social formation in the evolution of the ahom state
260 _aNew Delhi
_bRegency Publications India
_c2003
300 _a192p
_ccm.
650 _aHISTORY
942 _hV4477, P3
_cTEXL
_2cc
999 _c987809
_d987809